LIBRARY & INFORMATION CENTRE, KCAET, TAVANUR

ONLINE PUBLIC ACCESS CATALOGUE (OPAC)

Vathakaveldanam / (Record no. 6148)

MARC details
000 -LEADER
fixed length control field 00556cam a2200229ua 4500
041 ## - LANGUAGE CODE
Language code of text/sound track or separate title mal
082 ## - DEWEY DECIMAL CLASSIFICATION NUMBER
Classification number 671.522
Item number FEL/VA
100 ## - MAIN ENTRY--AUTHOR NAME
Personal name Wuttke, Felix .
245 ## - TITLE STATEMENT
Title Vathakaveldanam /
250 ## - EDITION STATEMENT
Edition statement 2 /
260 ## - PUBLICATION, DISTRIBUTION, ETC. (IMPRINT)
Place of publication Thiruvananthapuram :
Name of publisher State Instititute of Languages ,
Year of publication 1963.
300 ## - PHYSICAL DESCRIPTION
Number of Pages 122 ; .
942 ## - ADDED ENTRY ELEMENTS (KOHA)
Koha item type Books
Holdings
Withdrawn status Lost status Damaged status Home library Current library Date acquired Full call number Accession Number Koha item type
      KAUAET   07/04/2012 671.522 14150 Books
      KAUAET   07/04/2012 671.522 14149 Books
      KAUAET   07/04/2012 671.522 14148 Books
      KAUAET   07/04/2012 671.522 14147 Books
Withdrawn     KAUAET KAUAET 07/04/2012 671.522 14151 Books
free website counter